Proceedings of the International Conference on Advances in Materials and Materials Processing : (Record no. 840)
[ view plain ]
| 000 -LEADER | |
|---|---|
| fixed length control field | 01007nac a22002411u 4500 |
| 008 - FIXED-LENGTH DATA ELEMENTS--GENERAL INFORMATION | |
| fixed length control field | 100923s2002 ii|||||d|||| 10|10 eengd |
| 020 ## - INTERNATIONAL STANDARD BOOK NUMBER | |
| International Standard Book Number | 0070447497 |
| 020 ## - INTERNATIONAL STANDARD BOOK NUMBER | |
| International Standard Book Number | 9780070447493 |
| 082 ## - DEWEY DECIMAL CLASSIFICATION NUMBER | |
| Classification number | 620.1126 |
| Item number | ICA |
| Edition number | 22 |
| 100 ## - MAIN ENTRY--PERSONAL NAME | |
| Personal name | 20080729 |
| 9 (RLIN) | 19880 |
| 245 ## - TITLE STATEMENT | |
| Title | Proceedings of the International Conference on Advances in Materials and Materials Processing : |
| Remainder of title | February 1 - 3, 2002, Indian Institute of Technology, Kharagpur, India |
| Statement of responsibility, etc | Editors ed. N. Chakraborti, U. K. Chatterjee |
| 246 ## - VARYING FORM OF TITLE | |
| Title proper/short title | Advances in Materials and Materials Processing |
| 260 ## - PUBLICATION, DISTRIBUTION, ETC. (IMPRINT) | |
| Place of publication, distribution, etc | New Delhi : |
| Name of publisher, distributor, etc | Tata McGraw-Hill Pub. Co., |
| Date of publication, distribution, etc | 2002. |
| 300 ## - PHYSICAL DESCRIPTION | |
| Extent | viii, 906 p. : |
| Other physical details | ill. ; |
| Dimensions | 26 cm. |
| 504 ## - BIBLIOGRAPHY, ETC. NOTE | |
| Bibliography, etc | Includes bibliographic references and index |
| 650 ## - SUBJECT ADDED ENTRY--TOPICAL TERM | |
| Topical term or geographic name as entry element | ICAMMP |
| 9 (RLIN) | 19881 |
| 650 ## - SUBJECT ADDED ENTRY--TOPICAL TERM | |
| Topical term or geographic name as entry element | Composite materials. |
| 9 (RLIN) | 3013 |
| 650 ## - SUBJECT ADDED ENTRY--TOPICAL TERM | |
| Topical term or geographic name as entry element | Materials |
| 9 (RLIN) | 19879 |
| General subdivision | Fatigue |
| 700 ## - ADDED ENTRY--PERSONAL NAME | |
| Personal name | Chakraborti, N. |
| 9 (RLIN) | 19882 |
| 700 ## - ADDED ENTRY--PERSONAL NAME | |
| Personal name | Chatterjee, U. K.. |
| 9 (RLIN) | 19883 |
| 710 ## - ADDED ENTRY--CORPORATE NAME | |
| Corporate name or jurisdiction name as entry element | Indian Institute of Technology. |
| 9 (RLIN) | 19884 |
| 942 ## - ADDED ENTRY ELEMENTS (KOHA) | |
| Item type | Book - Borrowing |
| Call number prefix | 620.1126 ICA |
| Source of classification or shelving scheme | Dewey Decimal Classification |
| Withdrawn status | Item status | Source of classification or shelving scheme | Damaged status | Not for loan | Vendor | Home library | Current library | Shelving location | Date acquired | Source of acquisition | Total Checkouts | Full call number | Barcode | Date last seen | Koha item type |
|---|---|---|---|---|---|---|---|---|---|---|---|---|---|---|---|
| Dewey Decimal Classification | Central Library | Central Library | First floor | 23/09/2010 | 620.1126 ICA | 000003700 | 15/07/2025 | Book - Borrowing |